000 00879cab a2200241 4500
001 WB3119-46
008 090401t1995 xxu||||| |||| 00| 0 eng d
035 _a(Sirsi) u70713
041 _aeng
245 _aExemption
260 _c1995
350 _a0
490 _aEstates Gazette Case Summaries
_v1995 EGCS 78 (13/5/95)
520 _a"Barnet LBC v London Transport Property" QBD 2 May 1995. Concerned the issue of whether overnight parking of buses qualified as `storage` for exemption purposes under the Non-Domestic Rating (Unoccupied Property) Regulations 1989.
650 _aBUS GARAGE
650 _aEXEMPTION FROM RATES
650 _aNON-DOMESTIC RATING (UNOCCUPIED PROPERTY) REGULATIONS 1989
650 _aOVERNIGHT STORAGE
650 _aQUALIFYING INDUSTRIAL HEREDITAMENT
690 _aRATING AND VALUATION-CASE LAW
942 _n0
948 _c04/03/1997
999 _c44510
_d44510